Statistiken für Deutsche Großstädte, die einen Vornamen im Namen enthalten

Klicken Sie hier um das Quiz zu spielen!

Allgemein

  • Dieses Quiz wurde 439 mal gespielt
    (417 seit der letzten Aktualisierung)
  • Das Durchschnittsergebnis liegt bei 6 aus 13

Antwortstatistiken

BundeslandStadt% Korrekt
HessenFrankfurt am Main
(Frank)
84%
Baden-WürttembergKarlsruhe
(Karl)
70%
Rheinland-PfalzLudwigshafen am Rhein
(Ludwig)
60%
NiedersachsenHannover
(Hanno)
57%
NiedersachsenWolfsburg
(Wolf)
55%
BayernIngolstadt
(Ingo)
44%
Baden-WürttembergHeidelberg
(Heide)
35%
NiedersachsenHildesheim
(Hilde)
33%
NRWHagen
(Hagen)
30%
NiedersachsenGöttingen
(Inge)
26%
NRWGelsenkirchen
(Else)
23%
Baden-WürttembergReutlingen
(Inge)
20%
NRWSolingen
(Inge)
17%

Verteilung der Resultate

Perzentil nach korrekt beantworteten Fragen

Anzahl Personen mit jedem Resultat

Ihre Resultats-Entwicklung

Sie haben dieses Quiz seit der letzten Aktualisierung nicht gespielt